| 000 | 00968nam a2200253 a 4500 | ||
|---|---|---|---|
| 001 | 099267 | ||
| 003 | BD-ChCU | ||
| 005 | 20230204170635.0 | ||
| 008 | 013s2018 aii b 002 eng | ||
| 020 | _a | ||
| 040 |
_aDLC _cDLC _dBD-ChCU |
||
| 082 | 0 | 0 | _a৩৭০.১/ঘোষ৭শি |
| 100 |
_aঘোষ, অরুণ। _b |
||
| 245 |
_aশিক্ষাবিজ্ঞানের দর্শন ও মূলতন্ত্র্র । _c _cঅরুণ ঘোষ |
||
| 246 |
_aShikhabighaner dorshon o multontro. _c _cArun Ghosh. |
||
| 250 | _a১৮সং | ||
| 260 |
_aএডুকেশনাল এন্টারপ্রাইজ পাব _c কলকাতা _c২০১৩ |
||
| 300 | _a৬৫১পৃ. | ||
| 504 | _aIncludes index and bibliography | ||
| 650 | 0 |
_aশিক্ষাবিজ্ঞান - দর্শন । _cশিক্ষাবিজ্ঞান |
|
| 650 | 0 | _aShikhabighan - Darshan. | |
| 700 | 1 | _a | |
| 942 |
_2ddc _cBK |
||
| 999 |
_c99267 _d99267 |
||